[Event "FIDE Online Olympiad"]
[Site "Chess.com"]
[Date "2020.08.15"]
[EventDate "2020.08.14"]
[Round "6"]
[Result "0-1"]
[White "Diana Musabayeva"]
[Black "Medina Warda Aulia"]
[WhiteElo "1517"]
[BlackElo "2344"]
[PlyCount "90"]

1. e4 e6 2. d4 d5 3. Nc3 Bb4 4. e5 c5 5. a3 Bxc3+ 6. bxc3 Qc7
7. Bd3 Ne7 8. Qg4 cxd4 9. Ne2 dxc3 10. Qxg7 Rg8 11. Qxh7 Bd7
12. Bf4 Nbc6 13. h4 O-O-O 14. Qxf7 Rdf8 15. Qh5 d4 16. O-O Nf5
17. g3 Be8 18. Qf3 Nxh4 19. Qh1 Nf5 20. Rfe1 Nce7 21. Rab1 Rh8
22. Qf3 Bc6 23. Be4 Nd5 24. Red1 Qg7 25. a4 Rh3 26. Nxd4 Nxd4
27. Rxd4 Rxf4 28. Qg2 Qh8 29. gxf4 Nxf4 30. Bxc6 Nxg2
31. Bxb7+ Kc7 32. Bxg2 Rh4 33. Rb7+ Kc8 34. Rdd7 Qxe5
35. Rdc7+ Qxc7 36. Rxc7+ Kxc7 37. Kf1 Rxa4 38. Ke2 Rd4 39. Ke3
e5 40. Be4 a5 41. f4 Kd6 42. fxe5+ Kxe5 43. Bc6 a4 44. Bxa4
Rxa4 45. Kd3 Kd5 0-1

[Event "FIDE Online Olympiad"]
[Site "Chess.com"]
[Date "2020.08.15"]
[EventDate "2020.08.14"]
[Round "6"]
[Result "0-1"]
[White "Viachaslau Zarubitski"]
[Black "Daniel Grigoryevich Fridman"]
[WhiteElo "2420"]
[BlackElo "2610"]
[PlyCount "40"]

1. e4 e5 2. Nf3 Nf6 3. Nxe5 d6 4. Nf3 Nxe4 5. d4 d5 6. Bd3 Nc6
7. O-O Bg4 8. c3 f5 9. Re1 Be7 10. Nbd2 O-O 11. Nf1 Bd6
12. Ne3 Bxh2+ 13. Kf1 Bf4 14. Nxd5 Bxc1 15. Bc4 Nd2+ 16. Nxd2
Bxd1 17. Rxc1 Na5 18. Ne7+ Kh8 19. Rcxd1 Nxc4 20. Nxc4 Rf7 0-1

[Event "FIDE Online Olympiad"]
[Site "Chess.com"]
[Date "2020.08.15"]
[EventDate "2020.08.14"]
[Round "5"]
[Result "0-1"]
[White "Kertu Karba"]
[Black "Elena Sedina"]
[WhiteElo "1086"]
[BlackElo "2264"]
[Source "Chess-Results"]
[PlyCount "70"]

1. e4 Nf6 2. Nc3 d5 3. e5 Nfd7 4. d4 c5 5. Bb5 e6 6. dxc5 a6
7. Ba4 Qc7 8. Nf3 Bxc5 9. O-O O-O 10. Re1 b5 11. Bb3 Nc6
12. Bf4 Bb7 13. a3 Ne7 14. h3 Ng6 15. Bh2 Rae8 16. Ba2 Qb6
17. Re2 f6 18. exf6 Nxf6 19. b4 Bd6 20. Bxd6 Qxd6 21. Qd2 Nf4
22. Re3 Kh8 23. Kh1 e5 24. Rae1 d4 25. Rxe5 Rxe5 26. Nxe5 Nxg2
27. Nf7+ Rxf7 28. Ne4 Nxe1 29. Qxe1 Bxe4+ 30. Kg1 Rf8 31. c4
dxc3 32. Qxc3 Qd1+ 33. Kh2 Nh5 34. f3 Bxf3 35. Bb3 Qh1# 0-1

[Event "FIDE Online Olympiad"]
[Site "Chess.com"]
[Date "2020.08.15"]
[EventDate "2020.08.14"]
[Round "6"]
[Result "0-1"]
[White "Kertu Karba"]
[Black "Yudania Hernandez Estevez"]
[WhiteElo "1086"]
[BlackElo "2100"]
[Source "Chess-Results"]
[PlyCount "82"]

1. e4 c6 2. Nf3 d5 3. exd5 cxd5 4. d4 Nc6 5. Nc3 Bg4 6. Be2
Nf6 7. h3 Bh5 8. O-O e6 9. Bg5 Be7 10. Bf4 Bd6 11. Bxd6 Qxd6
12. Re1 O-O 13. Ne5 Bxe2 14. Rxe2 Qb4 15. Nxc6 bxc6 16. Rb1 c5
17. dxc5 Rfc8 18. a3 Qxc5 19. Na4 Qa5 20. Nc3 Rab8 21. a4 Rc4
22. Qd2 Rxc3 23. Qxc3 Qxc3 24. bxc3 Rxb1+ 25. Kh2 Ra1 26. Re3
Rxa4 27. f3 Rc4 28. Rd3 a5 29. Rd1 Kf8 30. Ra1 a4 31. Ra3 Ke7
32. Kg3 Kd6 33. Kf2 Kc5 34. Ke3 Nd7 35. g4 g5 36. Kd3 Rf4
37. Ke2 Ne5 38. Ke1 Nxf3+ 39. Kd1 Ne5 40. Kc1 Nc4 41. Rxa4
Rf1# 0-1

[Event "FIDE Online Olympiad"]
[Site "Chess.com"]
[Date "2020.08.16"]
[EventDate "2020.08.14"]
[Round "7"]
[Result "0-1"]
[White "Aiperi Mairambekova"]
[Black "Yana Ilyuchyk"]
[WhiteElo "1349"]
[BlackElo "2071"]
[PlyCount "116"]

1. d4 Nf6 2. c4 g6 3. Nc3 Bg7 4. e4 d6 5. f3 O-O 6. Be3 e5
7. d5 Nh5 8. g4 Nf4 9. Nge2 f5 10. gxf5 gxf5 11. Nxf4 exf4
12. Bd4 Qh4+ 13. Bf2 Qf6 14. Rg1 Nd7 15. Qd2 Ne5 16. Be2 fxe4
17. Nxe4 Qe7 18. O-O-O a6 19. Bd4 b5 20. c5 Bf5 21. c6 Ng6
22. Bxg7 Kxg7 23. Bd3 Kh8 24. Ng5 Qe3 25. Bxf5 Rxf5 26. Ne6
Rxd5 27. Qxe3 Rxd1+ 28. Kxd1 fxe3 29. Nxc7 Rc8 30. Nxa6 Rxc6
31. Nb4 Rc4 32. a3 d5 33. Ke2 d4 34. Rg4 Kg7 35. b3 Rc3
36. Rxd4 Rxb3 37. Rd3 Nf4+ 38. Kxe3 Nxd3 39. Nxd3 Rxa3 40. f4
Ra2 41. h4 Rh2 42. Kd4 Rxh4 43. Kc5 Rh5+ 44. Ne5 Kf6 45. Kxb5
Rxe5+ 46. fxe5+ Kxe5 47. Kc4 Ke4 48. Kc3 Ke3 49. Kc2 h5
50. Kd1 Kf2 51. Kd2 h4 52. Kd3 h3 53. Ke4 h2 54. Kf4 h1=Q
55. Kg4 Qe4+ 56. Kh5 Qg2 57. Kh4 Kf3 58. Kh5 Kf4 0-1

[Event "FIDE Online Olympiad"]
[Site "Chess.com"]
[Date "2020.08.16"]
[EventDate "2020.08.14"]
[Round "7"]
[Result "0-1"]
[White "Aizhan Sezdbekova"]
[Black "Aliaksandra Tarasenka"]
[WhiteElo "1554"]
[BlackElo "1827"]
[PlyCount "106"]

1. e4 c5 2. Nf3 d6 3. c3 Nc6 4. Be2 Nf6 5. d4 cxd4 6. cxd4
Nxe4 7. d5 Qa5+ 8. Nc3 Nb8 9. O-O Nxc3 10. bxc3 Nd7 11. Bf4 g6
12. Qd4 Nf6 13. Bxd6 Qxd5 14. Qxd5 Nxd5 15. Bc5 Nxc3 16. Bc4
Bg7 17. Rfe1 e6 18. Rac1 Bd7 19. Bb4 Na4 20. Bb3 Nb6 21. Rc7
Kd8 22. Rcc1 Rc8 23. Rcd1 Bc3 24. Bxc3 Rxc3 25. Ne5 Ke7 26. h3
Rhc8 27. f4 R8c5 28. Kh2 Bc6 29. Rd2 Bd5 30. Bxd5 Nxd5 31. Rb1
b6 32. Rf1 Rc2 33. Rff2 Rxd2 34. Rxd2 f6 35. Nd3 Rc4 36. Kg3
Rd4 37. Kf3 Nxf4 38. Ke3 Rxd3+ 39. Rxd3 Nxd3 40. Kxd3 Kd6
41. g3 Kd5 42. a4 h5 43. Ke3 e5 44. Kd3 e4+ 45. Ke3 Ke5
46. Kd2 Kd4 47. Ke2 e3 48. Kd1 Kd3 49. Ke1 e2 50. h4 f5
51. Kf2 Kd2 52. Kf3 e1=Q 53. Kf4 Qe3# 0-1

[Event "FIDE Online Olympiad"]
[Site "Chess.com"]
[Date "2020.08.16"]
[EventDate "2020.08.14"]
[Round "7"]
[Result "0-1"]
[White "Bart Michiels"]
[Black "Rasmus Svane"]
[WhiteElo "2550"]
[BlackElo "2644"]
[PlyCount "132"]

1. c4 e6 2. Nc3 d5 3. d4 a6 4. cxd5 exd5 5. Nf3 Nf6 6. Bg5 Be6
7. e3 Nbd7 8. Bd3 Bd6 9. Qc2 c6 10. Bh4 h6 11. Bg3 Qc7 12. O-O
O-O 13. Rab1 Bxg3 14. hxg3 Rfc8 15. Ne2 Bg4 16. Nf4 Qd6
17. Rfc1 g5 18. Ne2 Kg7 19. Nc3 Rh8 20. Re1 Rae8 21. Rbd1 Re7
22. Bf5 Rhe8 23. Bxg4 Nxg4 24. Qf5 Qe6 25. Qxe6 Rxe6 26. Ne2
Nb6 27. Nc1 Nc4 28. Nd3 R6e7 29. b3 Nd6 30. Nfe5 Nxe5 31. Nxe5
f6 32. Nd3 h5 33. Kf1 Nf5 34. Rd2 Kg6 35. Rde2 Rh8 36. Kg1
Rhe8 37. Kf1 Rh8 38. Kg1 Reh7 39. Nc5 Re8 40. Nd3 a5 41. Nc5
Rhe7 42. Kf1 h4 43. g4 Nd6 44. f3 f5 45. Nd3 fxg4 46. Ne5+
Rxe5 47. dxe5 Rxe5 48. e4 gxf3 49. gxf3 dxe4 50. fxe4 g4
51. Kg2 Kg5 52. Rd2 Re6 53. e5 Nf5 54. Rd8 Kf4 55. Rf1+ Ke4
56. Re1+ Ne3+ 57. Kg1 Rxe5 58. Rh8 h3 59. Kf2 Rf5+ 60. Kg3
Rf3+ 61. Kh2 Kd3 62. Rd8+ Kc3 63. Re2 g3+ 64. Kxh3 g2+ 65. Kh2
Rh3+ 66. Kxh3 g1=Q 0-1

[Event "FIDE Online Olympiad"]
[Site "Chess.com"]
[Date "2020.08.16"]
[EventDate "2020.08.14"]
[Round "7"]
[Result "0-1"]
[White "Zhang Jilin"]
[Black "Irine Kharisma Sukandar"]
[WhiteElo "2246"]
[BlackElo "2381"]
[PlyCount "96"]

1. e4 c5 2. Nf3 Nc6 3. d4 cxd4 4. Nxd4 g6 5. Nc3 Bg7 6. Be3
Nf6 7. g3 O-O 8. Bg2 d6 9. h3 Bd7 10. O-O Na5 11. b3 Qc8
12. Nd5 Nxd5 13. exd5 Bxh3 14. Bxh3 Qxh3 15. Qe2 Rac8 16. c4
b6 17. Rac1 Bxd4 18. Bxd4 e5 19. dxe6 fxe6 20. Bb2 e5 21. Rfd1
Nb7 22. Ba3 Rcd8 23. Rd2 Qf5 24. Rcd1 Rf6 25. b4 Rdf8 26. Bb2
Qf3 27. Qxf3 Rxf3 28. Re2 Rc8 29. Rc2 Rf7 30. Rd3 Rfc7
31. Rdc3 Nd8 32. f4 exf4 33. gxf4 Ne6 34. Rd3 Rxc4 35. Rxc4
Rxc4 36. Rxd6 Rxb4 37. Bc3 Re4 38. Rd7 Nxf4 39. Kf2 Nh3+
40. Kg2 Re2+ 41. Kf3 Rxa2 42. Rg7+ Kf8 43. Kg4 Nf2+ 44. Kf4
Ra4+ 45. Kf3 Ra3 46. Kxf2 Rxc3 47. Rxh7 a5 48. Rb7 Rb3 0-1

[Event "FIDE Online Olympiad"]
[Site "Chess.com"]
[Date "2020.08.16"]
[EventDate "2020.08.14"]
[Round "7"]
[Result "0-1"]
[White "Aleksander Petkov Delchev"]
[Black "Mark Paragua"]
[WhiteElo "2630"]
[BlackElo "2573"]
[PlyCount "86"]

1. d4 Nf6 2. c4 g6 3. g3 Bg7 4. Bg2 O-O 5. Nc3 d6 6. Nf3 c6
7. O-O Qb6 8. c5 dxc5 9. Na4 Qb5 10. Nxc5 Na6 11. a4 Qb6
12. a5 Qb5 13. Nxa6 Qxa6 14. Re1 Bf5 15. Bf1 b5 16. Bf4 Rfd8
17. Qc1 Rac8 18. Be5 Bf8 19. b4 Ne4 20. h4 Qb7 21. Qb2 Qd7
22. Rac1 h6 23. Bf4 f6 24. Bg2 g5 25. Be3 Bg7 26. hxg5 hxg5
27. Nd2 Nd6 28. Rc5 Be6 29. Rec1 Bd5 30. Qc2 a6 31. Qg6 e6
32. f3 Qf7 33. Qxf7+ Kxf7 34. Bf2 Nc4 35. Nf1 Nd6 36. e4 Bc4
37. Nd2 Bf8 38. Bf1 Bxf1 39. Kxf1 Nc4 40. Nxc4 Bxc5 41. bxc5
bxc4 42. Rb1 e5 43. Rb6 exd4 0-1

[Event "FIDE Online Olympiad"]
[Site "Chess.com"]
[Date "2020.08.16"]
[EventDate "2020.08.14"]
[Round "7"]
[Result "0-1"]
[White "Rogelio Antonio Jr"]
[Black "Momchil Petkov"]
[WhiteElo "2426"]
[BlackElo "1676"]
[PlyCount "120"]

1. e4 c5 2. Nf3 d6 3. d4 cxd4 4. Qxd4 Nf6 5. Nc3 a6 6. Bg5 Nc6
7. Qd2 e6 8. Be2 Be7 9. Rd1 h6 10. Bxf6 Bxf6 11. Qxd6 Qxd6
12. Rxd6 Ke7 13. Rd2 b5 14. Nd1 Bb7 15. c3 g5 16. h4 g4
17. Nh2 h5 18. Nf1 Ne5 19. Ng3 Ng6 20. Ne3 Rad8 21. Rxd8 Kxd8
22. a4 bxa4 23. O-O Bxh4 24. Ra1 Bc6 25. Bd1 Bxg3 26. fxg3 Kc7
27. Bxa4 Bxe4 28. Bd1 Bb7 29. Be2 Ne5 30. Ra5 f6 31. b4 Kb6
32. c4 Nc6 33. c5+ Kc7 34. Ra4 Ra8 35. Nc4 Nd4 36. Bf1 Bc6
37. Ra3 Nc2 38. Rb3 Rd8 39. Nd6 Rb8 40. Bxa6 Rxb4 41. Rxb4
Nxb4 42. Bc4 Bd5 43. Bb5 Bc6 44. Bc4 Bd7 45. Ne4 f5 46. Nf6
Kc6 47. Nxd7 Kxd7 48. Kf2 Nd5 49. Bb5+ Kc7 50. Be8 Nf6 51. Bf7
e5 52. Ke3 Ne4 53. Bxh5 Nxg3 54. Be8 f4+ 55. Kd3 e4+ 56. Kd2
e3+ 57. Kd1 f3 58. gxf3 gxf3 59. Ba4 f2 60. Bb5 Kb7 0-1

[Event "FIDE Online Olympiad"]
[Site "Chess.com"]
[Date "2020.08.16"]
[EventDate "2020.08.14"]
[Round "7"]
[Result "0-1"]
[White "Bernadette Galas"]
[Black "Nurgyul Salimova"]
[WhiteElo "2023"]
[BlackElo "2085"]
[PlyCount "66"]

1. e4 c6 2. Nc3 d5 3. Nf3 dxe4 4. Nxe4 Nf6 5. Nxf6+ exf6 6. d4
Bd6 7. Bd3 O-O 8. O-O Re8 9. h3 Nd7 10. Be3 Nf8 11. c4 Be6
12. Qc2 Qd7 13. Be2 Ng6 14. g3 Bxh3 15. Rfe1 Bxg3 16. fxg3
Rxe3 17. Kf2 Rae8 18. Rad1 h5 19. Ne5 Rxe2+ 20. Rxe2 fxe5
21. dxe5 Qe7 22. e6 Bxe6 23. Rde1 Qf6+ 24. Kg1 h4 25. Qd3 Rd8
26. Qe3 hxg3 27. Qxg3 Nf4 28. Re4 Nh3+ 29. Kh2 Rd2+ 30. R1e2
Rxe2+ 31. Rxe2 Nf4 32. Rd2 Qh6+ 33. Kg1 Nh3+ 0-1

[Event "FIDE Online Olympiad"]
[Site "Chess.com"]
[Date "2020.08.16"]
[EventDate "2020.08.14"]
[Round "7"]
[Result "0-1"]
[White "Rani Hamid"]
[Black "Jemal Ovezdurdiyeva"]
[WhiteElo "2006"]
[BlackElo "1924"]
[PlyCount "62"]

1. e4 c5 2. Nf3 d6 3. d4 cxd4 4. Nxd4 Nf6 5. Nc3 a6 6. Be2 e5
7. Nf3 Be7 8. Bg5 Be6 9. O-O Nbd7 10. h3 O-O 11. a3 Rc8
12. Re1 Qc7 13. Qd2 Qc6 14. Bf1 h6 15. Bxf6 Nxf6 16. Rad1 Rfd8
17. Qe3 Rd7 18. Rd2 Bd8 19. Red1 Ba5 20. Rd3 Rcd8 21. Nh4 Bxc3
22. Rxc3 Qxe4 23. Nf3 Qxe3 24. Rxe3 Nd5 25. Ree1 Nf4 26. Kh2
Rc8 27. Rd2 Ng6 28. Red1 d5 29. Re1 f6 30. Red1 Rdc7 31. c3
Ne7 0-1

[Event "FIDE Online Olympiad"]
[Site "Chess.com"]
[Date "2020.08.16"]
[EventDate "2020.08.14"]
[Round "7"]
[Result "0-1"]
[White "Annagozel Mekanova"]
[Black "Walijah Ahmed"]
[WhiteElo "1691"]
[BlackElo "1700"]
[PlyCount "100"]

1. e4 d6 2. d4 Nf6 3. Nc3 g6 4. Nf3 Bg7 5. h3 O-O 6. Be2 c6
7. a4 Nbd7 8. O-O e5 9. dxe5 dxe5 10. Bc4 Qe7 11. Qe2 h6
12. Be3 Nh5 13. Qd2 Kh7 14. Rfd1 Nc5 15. Qd6 Qxd6 16. Rxd6 Ne6
17. g3 Nd4 18. Nxd4 exd4 19. Bxd4 Bxh3 20. Bxg7 Kxg7 21. Rad1
Nf6 22. f3 h5 23. Kh2 Bc8 24. e5 Nd7 25. Rxd7 Bxd7 26. Rxd7
Rad8 27. Rxb7 Rd2+ 28. Kh3 Rf2 29. f4 g5 30. fxg5 Kg6 31. Bd3+
Kg7 32. g6 Kh6 33. gxf7 R8xf7 34. Rxf7 Rxf7 35. e6 Re7 36. Bc4
Kg7 37. Ne2 Kf6 38. Nd4 Rc7 39. Kh4 c5 40. Nf3 Rh7 41. Ng5 Rg7
42. Ne4+ Kf5 43. Nc3 Rg4+ 44. Kxh5 Rxg3 45. Kh6 Re3 46. Nb5 a6
47. Nd6+ Kf6 48. Kh5 Ke5 49. Nc8 Kf5 50. e7 Rh3# 0-1

[Event "FIDE Online Olympiad"]
[Site "Chess.com"]
[Date "2020.08.16"]
[EventDate "2020.08.14"]
[Round "8"]
[Result "0-1"]
[White "Asyl Abdyjapar"]
[Black "Yusup Atabayev"]
[WhiteElo "2390"]
[BlackElo "2528"]
[PlyCount "70"]

1. d4 Nf6 2. c4 e6 3. Nf3 b6 4. a3 Bb7 5. Nc3 Be7 6. Qc2 d5
7. cxd5 exd5 8. Bf4 c5 9. e3 O-O 10. Be2 Nc6 11. dxc5 bxc5
12. O-O Nh5 13. Bg3 Nxg3 14. hxg3 d4 15. Rfd1 Rc8 16. Rac1 g6
17. Bc4 Na5 18. Ba2 Bf6 19. Ne4 Qe7 20. Nxf6+ Qxf6 21. exd4
cxd4 22. Qd2 Bxf3 23. gxf3 Nc6 24. f4 Rcd8 25. Qd3 Kg7 26. b4
h5 27. Qa6 Rd6 28. b5 Nb4 29. axb4 Rxa6 30. bxa6 Qxa6 31. Bc4
Qb6 32. b5 h4 33. Bd3 hxg3 34. fxg3 Qe6 35. Rf1 Qe3+ 0-1

[Event "FIDE Online Olympiad"]
[Site "Chess.com"]
[Date "2020.08.16"]
[EventDate "2020.08.14"]
[Round "8"]
[Result "0-1"]
[White "Diana Omurbekova"]
[Black "Jemal Ovezdurdiyeva"]
[WhiteElo "1658"]
[BlackElo "1924"]
[PlyCount "110"]

1. e4 c5 2. Nf3 d6 3. d3 g6 4. g3 Bg7 5. Bg2 e6 6. O-O Ne7
7. c3 Nbc6 8. a3 O-O 9. Be3 Rb8 10. b4 b6 11. b5 Na5 12. Qc2
Bb7 13. Nbd2 d5 14. e5 Nf5 15. Bf4 h6 16. h4 d4 17. c4 Kh7
18. Rfe1 Qe7 19. Ne4 Rbd8 20. Rad1 Ba8 21. Bh3 Nb7 22. Kg2 Rd7
23. Rh1 Qd8 24. Kg1 Na5 25. Re1 Kg8 26. Bg2 Bxe4 27. Rxe4 Ne7
28. Nh2 Kh7 29. Qc1 Nf5 30. Nf3 Ne7 31. g4 Ng8 32. h5 g5
33. Bxg5 hxg5 34. Nxg5+ Kh8 35. Nf3 f6 36. h6 Bxh6 37. exf6
Rxf6 38. g5 Rf5 39. gxh6 Qf6 40. Rh3 Rh7 41. Qe1 Rxh6
42. Rxh6+ Qxh6 43. Rxe6 Rf6 44. Re8 Nb3 45. Qe5 Qc1+ 46. Ne1
Qh6 47. Qg3 Rg6 48. Qe5+ Qg7 49. Qb8 Nc1 50. Kf1 Nxd3 51. Bd5
Rg1+ 52. Ke2 Nf4+ 53. Kd2 Nxd5 54. Qh2+ Qh7 55. Qh1 Rxh1 0-1

[Event "FIDE Online Olympiad"]
[Site "Chess.com"]
[Date "2020.08.16"]
[EventDate "2020.08.14"]
[Round "8"]
[Result "0-1"]
[White "Samiha Shimmi Sharmin"]
[Black "Bernadette Galas"]
[WhiteElo "1852"]
[BlackElo "2023"]
[PlyCount "80"]

1. e4 c5 2. Nf3 Nc6 3. d4 cxd4 4. Nxd4 Nf6 5. Nc3 e5 6. Ndb5
d6 7. Bg5 a6 8. Na3 b5 9. Nd5 Be7 10. Bxf6 Bxf6 11. c3 O-O
12. Nc2 Bg5 13. Nce3 Be6 14. a4 bxa4 15. Rxa4 a5 16. Bc4 Rb8
17. Ra2 Kh8 18. O-O Bxe3 19. Nxe3 Qd7 20. Bd5 Qc7 21. Qa1 Rb5
22. Rd1 Rc5 23. Rd2 g6 24. Qd1 Rd8 25. Qf3 Kg7 26. h4 Qe7
27. h5 h6 28. Ra4 Qe8 29. Ra3 g5 30. Nf5+ Bxf5 31. exf5 Kf6
32. g4 Ne7 33. Qd1 Nxd5 34. Rxd5 Qc6 35. Rxc5 Qxc5 36. Qa4 Rb8
37. Qd7 Rxb2 38. Qd8+ Kg7 39. f6+ Kh7 40. Kh1 Qxf2 0-1

[Event "FIDE Online Olympiad"]
[Site "Chess.com"]
[Date "2020.08.16"]
[EventDate "2020.08.14"]
[Round "8"]
[Result "0-1"]
[White "Walijah Ahmed"]
[Black "Jerlyn Mae San Diego"]
[WhiteElo "1700"]
[BlackElo "1670"]
[PlyCount "82"]

1. e4 c5 2. Nf3 g6 3. d4 cxd4 4. Nxd4 Bg7 5. c4 Nc6 6. Nc2 Nf6
7. Nc3 d6 8. Be2 Be6 9. O-O O-O 10. Bd2 Rc8 11. Ne3 Nd4 12. b3
Nd7 13. f4 f5 14. exf5 Bxf5 15. Nxf5 Nxf5 16. Bf3 Kh8 17. Bxb7
Qb6+ 18. Kh1 Qxb7 19. Nd5 e6 20. Nc3 d5 21. Rc1 d4 22. Nb5 a6
23. Bb4 axb5 24. Bxf8 Rxf8 25. cxb5 Ne3 26. Qf3 Qxb5 27. Rf2
Nc5 28. Rd2 Nd3 29. Qe2 e5 30. Rxd3 Ng4 31. Rcd1 Rxf4 32. Qc2
Nf2+ 33. Kg1 Nxd3 34. Rxd3 e4 35. Rd1 d3 36. Qc8+ Rf8 37. Qe6
Bd4+ 38. Kh1 d2 39. h3 Rf1+ 40. Rxf1 Qxf1+ 41. Kh2 Qf4+ 0-1

[Event "FIDE Online Olympiad"]
[Site "Chess.com"]
[Date "2020.08.16"]
[EventDate "2020.08.14"]
[Round "8"]
[Result "0-1"]
[White "Susanto Megaranto"]
[Black "Aleksander Petkov Delchev"]
[WhiteElo "2517"]
[BlackElo "2630"]
[PlyCount "94"]

1. d4 Nf6 2. Nf3 d5 3. c4 e6 4. cxd5 exd5 5. Nc3 c6 6. Qc2 Be7
7. Bg5 g6 8. e3 Bf5 9. Bd3 Bxd3 10. Qxd3 Nbd7 11. O-O O-O
12. Rab1 a5 13. Bxf6 Nxf6 14. Qc2 Bd6 15. a3 Qe7 16. Rfe1 Rfe8
17. h3 Kg7 18. Re2 Ne4 19. Nxe4 Qxe4 20. Qxe4 Rxe4 21. b4 Re7
22. Reb2 h6 23. bxa5 Rxa5 24. Rxb7 Rxb7 25. Rxb7 Rxa3 26. g3
Kf6 27. Kg2 Ra2 28. Rb6 Rc2 29. g4 Ke7 30. Rb7+ Ke6 31. Ra7
Rb2 32. h4 Rb4 33. Ra6 Kd7 34. Ne1 Rb3 35. Ra8 Bb8 36. Nd3
Rxd3 37. Rxb8 Ke7 38. Rh8 Kf6 39. Rxh6 Kg7 40. g5 c5 41. dxc5
d4 42. exd4 Rxd4 43. Kg3 Rc4 44. h5 Rxc5 45. f4 Rc3+ 46. Kg4
Rc1 47. hxg6 fxg6 0-1

[Event "FIDE Online Olympiad"]
[Site "Chess.com"]
[Date "2020.08.16"]
[EventDate "2020.08.14"]
[Round "8"]
[Result "0-1"]
[White "Irine Kharisma Sukandar"]
[Black "Antoaneta Stefanova"]
[WhiteElo "2381"]
[BlackElo "2461"]
[PlyCount "140"]

1. e4 c6 2. d4 d5 3. exd5 cxd5 4. Bd3 Nc6 5. c3 Qc7 6. Ne2 Nf6
7. Bf4 Qd8 8. O-O Bg4 9. Nd2 e6 10. Qe1 Bh5 11. b4 Bg6 12. Nc1
Bd6 13. Bxd6 Qxd6 14. f4 Ne7 15. Bxg6 hxg6 16. Nd3 g5 17. Qe5
Qxe5 18. fxe5 Ng4 19. Nf3 Ne3 20. Rfc1 g4 21. Nd2 N7f5 22. a4
Ke7 23. Ra2 Rh6 24. Nf1 Nxf1 25. Rxf1 Rc8 26. Nf4 Ne3 27. Rc1
g5 28. Nd3 Nf5 29. g3 Rhh8 30. a5 Rc4 31. Nb2 Rc7 32. Nd3 Rhc8
33. Nc5 b6 34. axb6 axb6 35. Na4 Nxd4 36. Rca1 Nf3+ 37. Kg2 b5
38. Nc5 Nxe5 39. Ra5 Rxc5 40. bxc5 Rxc5 41. Rb1 Rxc3 42. Raxb5
Rc2+ 43. Kf1 Rxh2 44. R1b2 Rh1+ 45. Kg2 Rc1 46. Rb7+ Kf6
47. Ra7 Kg6 48. Re2 Nc4 49. Ra6 Rd1 50. Rc6 Rc1 51. Ra6 d4
52. Re4 Ne3+ 53. Kf2 Rc2+ 54. Ke1 Rc4 55. Rd6 Nf5 56. Rd8 Nxg3
57. Rexd4 Rxd4 58. Rxd4 f5 59. Kf2 Ne4+ 60. Kg2 g3 61. Ra4 g4
62. Rb4 Kf6 63. Rb5 f4 64. Rb4 f3+ 65. Kg1 Kf5 66. Ra4 Kf4
67. Ra3 Ng5 68. Ra4+ Kf5 69. Ra5+ e5 70. Ra8 Nh3+ 0-1

[Event "FIDE Online Olympiad"]
[Site "Chess.com"]
[Date "2020.08.16"]
[EventDate "2020.08.14"]
[Round "8"]
[Result "0-1"]
[White "Aditya Bagus Arfan"]
[Black "Martin Petrov"]
[WhiteElo "1772"]
[BlackElo "2393"]
[PlyCount "40"]

1. e4 c5 2. Nf3 d6 3. Bb5+ Nd7 4. d4 cxd4 5. Qxd4 a6 6. Bxd7+
Bxd7 7. Nc3 e5 8. Qd3 h6 9. Nd2 Nf6 10. Nc4 Be6 11. Be3 b5
12. Nb6 Rb8 13. Ncd5 Be7 14. O-O-O Ng4 15. Nxe7 Kxe7 16. Nd5+
Bxd5 17. exd5 Qc7 18. h3 Nxe3 19. fxe3 Qc4 20. Rhf1 Qxd3 0-1

[Event "FIDE Online Olympiad"]
[Site "Chess.com"]
[Date "2020.08.16"]
[EventDate "2020.08.14"]
[Round "8"]
[Result "0-1"]
[White "Beloslava Krasteva"]
[Black "Ummi Fisabilillah"]
[WhiteElo "1605"]
[BlackElo "2182"]
[PlyCount "94"]

1. d4 Nf6 2. c4 e6 3. Nc3 Bb4 4. e3 b6 5. Nge2 Bb7 6. a3 Be7
7. d5 e5 8. e4 d6 9. Ng3 Nbd7 10. Bd3 O-O 11. O-O Re8 12. b4
Nf8 13. Be3 N6d7 14. Qd2 Ng6 15. Na4 a5 16. c5 dxc5 17. bxc5
Nxc5 18. Nxc5 bxc5 19. Bb5 Rf8 20. Rfc1 h6 21. Nf5 Bd6
22. Bxc5 Ne7 23. Nxd6 cxd6 24. Be3 Ng6 25. Rab1 Rc8 26. Rxc8
Bxc8 27. Bd3 f5 28. Bb6 Qf6 29. Bxa5 fxe4 30. Bxe4 Bf5
31. Bxf5 Qxf5 32. Rb6 Nf4 33. Rxd6 Qg4 34. f3 Nh3+ 35. Kh1
Rxf3 36. Rd8+ Kh7 37. Qe2 Nf2+ 38. Kg1 Nh3+ 39. Kh1 Qd4
40. Qc2+ e4 41. Qc1 Rd3 42. gxh3 Rd1+ 43. Qxd1 Qxd1+ 44. Kg2
Qf3+ 45. Kg1 e3 46. Re8 Qf2+ 47. Kh1 Qf1# 0-1

[Event "FIDE Online Olympiad"]
[Site "Chess.com"]
[Date "2020.08.16"]
[EventDate "2020.08.14"]
[Round "8"]
[Result "0-1"]
[White "Rasmus Svane"]
[Black "Anton Smirnov"]
[WhiteElo "2644"]
[BlackElo "2367"]
[PlyCount "108"]

1. Nf3 d5 2. g3 g6 3. Bg2 Bg7 4. d4 Nf6 5. O-O c6 6. c4 dxc4
7. a4 Ne4 8. Qc2 Nd6 9. e4 a5 10. Rd1 Na6 11. e5 Bf5 12. Qc3
Nc8 13. Na3 Nb6 14. Qxa5 Nb8 15. Qe1 Rxa4 16. Bd2 Nd5 17. Ng5
O-O 18. e6 f6 19. Ne4 Na6 20. Nc3 Nxc3 21. Bxc3 Nc7 22. Ba5
Qc8 23. Bxc7 Qxc7 24. d5 Qe5 25. dxc6 bxc6 26. Rac1 Qxe1+
27. Rxe1 Bd3 28. Bf1 f5 29. Nxc4 Bxc4 30. Bxc4 Bxb2 31. Rc2
Bd4 32. Rb1 Ra7 33. Kg2 f4 34. Bd3 f3+ 35. Kg1 c5 36. h4 Kg7
37. Kh2 Ra3 38. Bc4 h6 39. Kh3 Kf6 40. Re1 Rb8 41. Bd5 Rd8
42. Bc4 Kf5 43. Rd2 g5 44. Bd3+ Kf6 45. hxg5+ hxg5 46. Be4 Rd6
47. Red1 Rxe6 48. Bd5 Re5 49. Bb7 Kf5 50. Rd3 g4+ 51. Kh4 Rxd3
52. Rxd3 Re1 53. Bxf3 gxf3 54. Rxf3+ Ke4 0-1

[Event "FIDE Online Olympiad"]
[Site "Chess.com"]
[Date "2020.08.16"]
[EventDate "2020.08.14"]
[Round "8"]
[Result "0-1"]
[White "Diana Musabayeva"]
[Black "Nastassia Ziaziulkina"]
[WhiteElo "1517"]
[BlackElo "2299"]
[PlyCount "104"]

1. e4 c5 2. Nf3 d6 3. d4 cxd4 4. Nxd4 Nf6 5. Nc3 a6 6. f3 e6
7. Be3 b5 8. Qd2 Bb7 9. g4 h6 10. O-O-O Nbd7 11. h4 b4
12. Nce2 d5 13. exd5 Nxd5 14. Nf4 Qc7 15. Nxd5 Bxd5 16. Kb1
Bc5 17. Be2 Nb6 18. g5 h5 19. g6 f6 20. Nb3 Bxe3 21. Qxe3 O-O
22. Rxd5 exd5 23. Qe6+ Kh8 24. f4 f5 25. Qe3 Nd7 26. Qf3 Nf6
27. Nd4 Qd7 28. Bd3 Ng4 29. Re1 Rae8 30. Rxe8 Rxe8 31. a3 Re3
32. Qf1 Qe8 33. Qg2 b3 34. Nxb3 Qxg6 35. Nd4 Qf7 36. Bxf5 Re1+
37. Ka2 Ne3 38. Qf2 Nxf5 39. Nxf5 d4+ 40. b3 Re4 41. Nxd4 Qxf4
42. Qxf4 Rxf4 43. Nc6 Rxh4 44. Nb4 Rh2 45. Kb2 a5 46. Nc6 h4
47. Nxa5 Rf2 48. Nc4 h3 49. Ne3 Rf4 50. a4 h2 51. a5 h1=Q
52. a6 Qa8 0-1

[Event "FIDE Online Olympiad"]
[Site "Chess.com"]
[Date "2020.08.16"]
[EventDate "2020.08.14"]
[Round "8"]
[Result "0-1"]
[White "Tyani De Rycke"]
[Black "Aliaksandra Tarasenka"]
[WhiteElo "1924"]
[BlackElo "1827"]
[PlyCount "126"]

1. e4 c5 2. Nc3 Nc6 3. g3 g6 4. Bg2 Bg7 5. d3 e6 6. Be3 d6
7. Qd2 Nge7 8. f4 O-O 9. Nge2 Nd4 10. O-O Nec6 11. Nd1 d5
12. Nxd4 cxd4 13. Bf2 dxe4 14. dxe4 e5 15. Qd3 Qe7 16. a3 a5
17. f5 b6 18. Qb5 Qc7 19. Qa4 Ba6 20. Re1 Rac8 21. Qb3 Ne7
22. Qf3 f6 23. c3 Rfd8 24. cxd4 exd4 25. g4 Nc6 26. Bf1 Ne5
27. Qb3+ Bc4 28. Bxc4+ Qxc4 29. Qxb6 Nf3+ 30. Kg2 Nxe1+
31. Bxe1 Qe2+ 32. Nf2 d3 33. Rd1 Rb8 34. Qe6+ Kh8 35. Bc3 Re8
36. Qd6 Rbd8 37. Qb6 Rf8 38. Qxa5 gxf5 39. exf5 Rde8 40. Qd5
Re3 41. Re1 Qxe1 42. Bxe1 Rxe1 43. Qxd3 Rfe8 44. b4 Bf8
45. Qc3 Kg7 46. a4 R8e3 47. Qc7+ Re7 48. Qc6 R7e2 49. b5 Rb2
50. Qc7+ Re7 51. Qb6 Ree2 52. Qa7+ Kg8 53. a5 Rxb5 54. Kf3 Ra2
55. a6 Rb3+ 56. Ke4 Rba3 57. Qb7 Rxa6 58. Nd3 R2a4+ 59. Ke3
Ra3 60. Kd4 Rd6+ 61. Kc4 Raxd3 62. Kb4 Rb6+ 63. Ka4 Ra3# 0-1